000 00778nam a22001817a 4500
999 _c100303
_d100303
008 201130b ||||| |||| 00| 0 eng d
040 _bger
_cDE-2950
_erda
_aDE-2950
041 _ager
100 _aNeiser, Janet:
245 _aDer Glanz der Vergangenheit.
_bDDR-Immobilien: Die erste Selbstbedienungskaufhalle Eisenhüttenstadt in der Saarlouiser Straße erwacht jeden Tag ein bisschen mehr. Geschichten gibt es viele zu erzählen /
_cJanet Neiser
653 _aEisenhüttenstadt
653 _aArchitektur / 50er Jahre
773 _dFrankfurt (Oder): Märkisches Verlags- und Druckhaus GmbH & Co KG
_g32. Jahrgang (2021) Nr. 117 vom 22./23.05.2021, S. 22: Foto
_tMärkische Oderzeitung
942 _cA